| 000 | 00891nam a22002417a 4500 | ||
|---|---|---|---|
| 005 | 20110509144943.0 | ||
| 008 | 110509t xxu||||| |||| 00| 0 eng d | ||
| 010 | _aENG-102404 | ||
| 020 |
_a9789380388809 _c1095.00 |
||
| 035 | _aEN-85937 | ||
| 037 | _bDBAD/PUB | ||
| 040 |
_aDPL _bEng |
||
| 082 | _a934 | ||
| 100 |
_aSaxena, Sunil K. _927875 |
||
| 245 |
_aAncient Indian history / _cby Sunil K. Saxena |
||
| 260 |
_aNew Delhi _bDPS Publishing House _c2011 |
||
| 270 |
_aRoom No. 213,7/28 Mahavir Street, Ansari Road, Daryaganj _bNew Delhi _e110002 _k011-23251264, 91-9811734184 _mprashant_pbd@yahoo.co.in |
||
| 300 |
_a296p. _c22cm (Hb) |
||
| 500 | _aIncludes bibliographical references and index | ||
| 650 | _927887 | ||
| 942 |
_2ddc _cEN _h934 _mSAX |
||
| 999 |
_c52233 _d52233 |
||